Democracia y educación cívica : (Record no. 119391)

MARC details
000 -CABECERA
campo de control de longitud fija 01822nam a2200325 a 4500
005 - FECHA Y HORA DE LA ÚLTIMA TRANSACCIÓN
campo de control 20210223130038.0
008 - ELEMENTOS DE LONGITUD FIJA--INFORMACIÓN GENERAL
campo de control de longitud fija 040907s2005 mx r 000 0 spa d
020 ## - NÚMERO INTERNACIONAL NORMALIZADO PARA LIBROS
Número Internacional Estándar del Libro 9707860081
035 ## - NÚMERO DE CONTROL DEL SISTEMA
Número de control de sistema UPN01000147246
049 ## - COLECCIÓN
Colección CG
050 #4 - SIGNATURA TOPOGRÁFICA DE LA BIBLIOTECA DEL CONGRESO
Número de clasificación JL1281
Número de documento/Ítem G3.2
100 1# - ASIENTO PRINCIPAL--NOMBRE PERSONAL
Nombre de persona García González, Dora Elvira
245 10 - MENCIÓN DE TÍTULO
Título Democracia y educación cívica :
Resto del título una apuesta reinvindicativa del ciudadano reflexivo y crítico /
Mención de responsabilidad, etc. Dora Elvira García González.
260 ## - PUBLICACIÓN, DISTRIBUCIÓN, ETC.
Lugar de publicación, distribución, etc. México :
Nombre del editor, distribuidor, etc. Instituto Electoral del Distrito Federal,
Fecha de publicación, distribución, etc. 2005.
300 ## - DESCRIPCIÓN FÍSICA
Extensión 196 p.
500 ## - NOTA GENERAL
Nota general "5o Concurso de Tesis, Ensayo y Cuento 2005. Ensayos"
501 ## - NOTA DE "CON"
Nota de “Con” Con: La importancia de la educación cívica en el proceso de transición política / Rubén Rabindranath García Clarck -- El papel de la educación cívica en el proceso de transición política / Lorena Laura Fragoso Oropeza -- De la educación cívica a la educación política : la transición de una idea / Edgar Baudelio Martínez Morales -- Género y educación cuidadana : retos y nudos para la democracia / Luz Maceira Ochoa
650 #4 - ASIENTO SECUNDARIO DE MATERIA - TERMINO TEMATICO
Término de materia o nombre geográfico como elemento de entrada DEMOCRATIZACION -
Subdivisión geográfica MEXICO
9 (RLIN) 4505
650 #4 - ASIENTO SECUNDARIO DE MATERIA - TERMINO TEMATICO
Término de materia o nombre geográfico como elemento de entrada CULTURA POLITICA -
Subdivisión geográfica MEXICO
9 (RLIN) 12741
650 #4 - ASIENTO SECUNDARIO DE MATERIA - TERMINO TEMATICO
Término de materia o nombre geográfico como elemento de entrada CIVISMO MEXICANO
9 (RLIN) 10830
700 1# - ASIENTO SECUNDARIO--NOMBRE DE PERSONAL
Nombre de persona García Clarck, Rubén Rabindranath,
Término indicativo de función/relación coaut.
9 (RLIN) 35187
700 1# - ASIENTO SECUNDARIO--NOMBRE DE PERSONAL
Nombre de persona Fragoso Oropeza, Lorena Laura,
Término indicativo de función/relación coaut.
700 1# - ASIENTO SECUNDARIO--NOMBRE DE PERSONAL
Nombre de persona Martínez Morales, Edgar Baudelio,
Término indicativo de función/relación coaut.
700 1# - ASIENTO SECUNDARIO--NOMBRE DE PERSONAL
Nombre de persona Maceira Ochoa, Luz María,
Término indicativo de función/relación coaut.
9 (RLIN) 41324
740 3# - ASIENTO SECUNDARIO - TÍTULOS RELACIONADOS /ANALITICOS NO CONTROLADOS
Título relacionado o analítico no controlado La importancia de la educación cívica en el proceso de transición política
740 3# - ASIENTO SECUNDARIO - TÍTULOS RELACIONADOS /ANALITICOS NO CONTROLADOS
Título relacionado o analítico no controlado El papel de la educaicón cívica en el proceso de transición política
740 0# - ASIENTO SECUNDARIO - TÍTULOS RELACIONADOS /ANALITICOS NO CONTROLADOS
Título relacionado o analítico no controlado De la educación cívica a la educación política : la transición de una idea
740 0# - ASIENTO SECUNDARIO - TÍTULOS RELACIONADOS /ANALITICOS NO CONTROLADOS
Título relacionado o analítico no controlado Género y educación cuidadana : retos y nudos para la democracia
905 ## - TIPO DE MATERIAL
Tipo de material Libro
Holdings
Estado de retiro Estado de pérdida Fuente del sistema de clasificación o colocación Estado dañado No para préstamo Código de colección Localización permanente Ubicación/localización actual Ubicación en estantería Total de préstamos Clasificación Código de barras Fecha visto por última vez Número de copia Tipo de ítem Koha
    Library of Congress Classification     Colección General Bib. Gregorio Torres Quintero Bib. Gregorio Torres Quintero Planta baja   JL1281 G3.2 274486 31/12/2020 1 Libro
    Library of Congress Classification     Colección General Bib. Gregorio Torres Quintero Bib. Gregorio Torres Quintero Planta baja 3 JL1281 G3.2 239871 31/12/2020 1 Libro